000
00438nam a2200181Ia 4500
008
090124s9999 xx 000 0 und d
082
_b
121024
100
_a
थोरे अशोक
245
_a
रिंगण
250
_a
1
260
_c
1985
300
_a
203
600
_a
थोरे अशोक
630
_a
रिंगण
700
_a
थोरे अशोक
730
_a
रिंगण
942
_c
BOOK
999
_c
167110
_d
167110